[Event "Donoratico op-A"]
[Site "Donoratico"]
[Date "2011.05.01"]
[Round "4"]
[White "Paperetti, Emiliano"]
[Black "Bigagli, Rodolfo"]
[Result "0-1"]
[WhiteElo "1707"]
[BlackElo "1973"]
[PlyCount "74"]
[EventDate "2011.04.29"]
[EventType "swiss"]
[EventRounds "5"]
[EventCountry "ITA"]
[SourceTitle "EXT 2015"]
[Source "ChessBase"]
[SourceDate "2014.11.20"]
[SourceVersion "1"]
[SourceVersionDate "2014.11.20"]
[SourceQuality "1"]

1. e4 c5 2. Nf3 d6 3. d4 cxd4 4. Nxd4 Nf6 5. Nc3 a6 6. Be2 e5 7. Nf3 h6 8. 0-0 Be7 9. h3 0-0 10. Be3 b5 11. Nd5 Nbd7 12. Nxe7+ Qxe7 13. Nd2 Bb7 14. Bf3 Rac8 15. Rc1 Nc5 16. Re1 Rfd8 17. b4 Na4 18. c4 Rc7 19. Qb3 Rdc8 20. Rc2 d5 21. exd5 Bxd5 22. Bxd5 Nxd5 23. c5 Nxe3 24. Rxe3 Nb6 25. Ne4 Nc4 26. Rd3 Rd8 27. Rxd8+ Qxd8 28. Re2 Kf8 29. Nc3 f6 30. a4 Qd3 31. Qc2 Qd7 32. axb5 axb5 33. Re4 Ra7 34. Nxb5 Ra1+ 35. Kh2 Nd2 36. Re2 Nf1+ 37. Kg1 Ng3+ 0-1